Experimental Methods: A Primer for Economists

Gardado en:
Detalles Bibliográficos
Autor Principal: Daniel Friedman
Formato: Libro
Publicado: CUP
Tags: Engadir etiqueta
Sen Etiquetas, Sexa o primeiro en etiquetar este rexistro!

MARC

LEADER 00000nam a2200000Ia 4500
005 20260515061615.0
100 |a Daniel Friedman 
020 |a 9780521456821 
942 |c BK 
245 |a Experimental Methods: A Primer for Economists 
260 |b CUP 
999 |c 30  |d 30 
952 |0 0  |1 0  |4 0  |7 0  |a ABDN  |b ABDN  |d 2026-05-15  |l 0  |p 000073  |r 2026-05-15 06:16:15  |w 2026-05-15  |y BK